LEADER 00876nam0-22003011i-450- 001 990000371580403321 005 20030321124055.0 010 $a0-306-41599-2 035 $a000037158 035 $aFED01000037158 035 $a(Aleph)000037158FED01 035 $a000037158 100 $a20020821d1968----km-y0itay50------ba 101 0 $aeng 105 $aa-------001yy 200 1 $aEngineering flow and heat exchange$f(by) Octave Levenspiel. 210 $aNew York$cPlenum Press$dcopyr. 1968 215 $aXV,366 p.$cill.$d24 cm 225 1 $a<>Plenum Chemical Engineering Series 676 $a620.1'064 700 1$aLevenspiel,$bOctave$01203 801 0$aIT$bUNINA$gRICA$2UNIMARC 901 $aBK 912 $a990000371580403321 952 $a04 161-162$bDIC 1960$fDINCH 959 $aDINCH 996 $aEngineering flow and heat exchange$9127252 997 $aUNINA LEADER 01756nas 2200493-a 450 001 996214458103316 005 20240113213019.0 035 $a(DE-599)ZDB2641460-0 035 $a(OCoLC)711868358 035 $a(CKB)1000000000792002 035 $a(CONSER)--2014243310 035 $a(EXLCZ)991000000000792002 100 $a20110408a20079999 --- - 101 0 $aeng 135 $aur||||||||||| 181 $ctxt$2rdacontent 182 $cc$2rdamedia 183 $acr$2rdacarrier 200 00$aJournal of literature and science 210 $aSouth Wales, UK $cUniversity of Glamorgan Research Centre for Literature, Arts and Science$d2007- 210 31$aLondon :$cUniversity of Westminster.$cCentre for the Study of Science and Imagination.,$d2013- 215 $a1 online resource 300 $aRefereed/Peer-reviewed 300 $a"The journal is dedicated to the publication of academic essays ... on the subject of literature and science, broadly defined."--Home page. 311 $a1754-646X 517 1 $aJL & S 517 1 $aJL and S 517 1 $aJLS 531 $aJLS 531 10$aJ Lit Sci 606 $aLiterature and science 606 $aMedicine in Literature 606 $aLiterature and science$2fast$3(OCoLC)fst01000093 608 $aPeriodical. 608 $aPeriodicals.$2fast 615 0$aLiterature and science. 615 12$aMedicine in Literature. 615 7$aLiterature and science. 712 02$aUniversity of Glamorgan.$bResearch Centre for Literature, Arts and Science. 712 02$aUniversity of Westminster.$bCentre for the Study of Science and Imagination. 906 $aJOURNAL 912 $a996214458103316 996 $aJournal of literature and science$92120174 997 $aUNISA